Les sous-préfectures sans .... ou avec... (1) - Statistiques

Statistiques générales
  • Ce quiz a été pris 36 fois
    34 depuis la dernière actualisation
  • Le résultat moyen est 84 sur 132
Statistiques - réponses
Hint Réponse % Correct
Sans la lettre A Lens
88%
Sans la lettre A Lorient
83%
Sans la lettre A Brest
79%
Sans la lettre A Brioude
75%
Sans la lettre E Dax
75%
Sans la lettre A Die
75%
Sans la lettre A Dreux
75%
Sans la lettre A | Sans la lettre E Issoudun
75%
Sans la lettre A Libourne
75%
Sans la lettre A Lodève
75%
Sans la lettre A Mulhouse
75%
Sans la lettre A Pithiviers
75%
Sans la lettre A Sens
75%
Sans la lettre E Arcachon
71%
Sans la lettre A Belley
71%
Sans la lettre A Béthune
71%
Sans la lettre A Béziers
71%
Sans la lettre E Cognac
71%
Sans la lettre A Corte
71%
Sans la lettre A Dieppe
71%
Sans la lettre A Fougères
71%
Sans la lettre A Issoire
71%
Sans la lettre A Lisieux
71%
Sans la lettre A Loches
71%
Sans la lettre A | Sans la lettre E Montluçon
71%
Sans la lettre A Nogent-le-Rotrou
71%
Sans la lettre A | Sans la lettre E Nyons
71%
Sans la lettre E Saint-Flour
71%
Sans la lettre A Senlis
71%
Sans la lettre A | Sans la lettre E Soissons
71%
Sans la lettre A | Sans la lettre E Toul
71%
Sans la lettre A Ussel
71%
Sans la lettre A Vendôme
71%
Sans la lettre A | Sans la lettre E Vichy
71%
Sans la lettre A Céret
67%
Sans la lettre A Cholet
67%
Sans la lettre A Compiègne
67%
Sans la lettre A Dole
67%
Sans la lettre A Dunkerque
67%
Sans la lettre A Gex
67%
Sans la lettre E Guingamp
67%
Sans la lettre A | Sans la lettre E Limoux
67%
Sans la lettre E Millau
67%
Sans la lettre E Morlaix
67%
Sans la lettre A | Sans la lettre E Nontron
67%
Sans la lettre A Reims
67%
Sans la lettre A Thiers
67%
Sans la lettre A Thionville
67%
Sans la lettre A Vienne
67%
Sans la lettre E Altkirch
63%
Sans la lettre E Apt
63%
Sans la lettre E Aubusson
63%
Sans la lettre E Autun
63%
Sans la lettre A Bressuire
63%
Sans la lettre E Briançon
63%
Sans la lettre E Calais
63%
Sans la lettre E Calvi
63%
Sans la lettre A | Sans la lettre E Chinon
63%
Sans la lettre A | Sans la lettre E Condom
63%
Sans la lettre A | Sans la lettre E Gourdon
63%
Sans la lettre A Istres
63%
Sans la lettre E Jonzac
63%
Sans la lettre E Mauriac
63%
Sans la lettre E Montargis
63%
Sans la lettre E Montbard
63%
Sans la lettre A | Sans la lettre E Montmorillon
63%
Sans la lettre A Muret
63%
Sans la lettre A Nogent-sur-Seine
63%
Sans la lettre A | Sans la lettre E Pontivy
63%
Sans la lettre A | Sans la lettre E Provins
63%
Sans la lettre A Redon
63%
Sans la lettre A Rethel
63%
Sans la lettre A | Sans la lettre E Riom
63%
Sans la lettre A Rochefort
63%
Sans la lettre E Saumur
63%
Sans la lettre A | Sans la lettre E Torcy
63%
Sans la lettre A Tournon-sur-Rhône
63%
Sans la lettre E Antony
58%
Sans la lettre A Boulogne-sur-Mer
58%
Sans la lettre A Cherbourg-en-Cotentin
58%
Sans la lettre E Douai
58%
Sans la lettre E Langon
58%
Sans la lettre E Louhans
58%
Sans la lettre A | Sans la lettre E Montbrison
58%
Sans la lettre A Montdidier
58%
Sans la lettre E Nantua
58%
Sans la lettre E Saint-Malo
58%
Sans la lettre E Thann
58%
Sans la lettre A Vervins
58%
Sans la lettre A Vierzon
58%
Sans la lettre A Vouziers
58%
Sans la lettre A Brignoles
54%
Sans la lettre A Commercy
54%
Sans la lettre A Confolens
54%
Sans la lettre A Cosne-Cours-sur-Loire
54%
Sans la lettre E Forbach
54%
Sans la lettre E Lannion
54%
Sans la lettre A Lunéville
54%
Sans la lettre A Lure
54%
Sans la lettre A Verdun
54%
Sans la lettre E Avallon
50%
Sans la lettre E Cambrai
50%
Sans la lettre A Clermont
50%
Sans la lettre E Dinan
50%
Sans la lettre E Draguignan
50%
Sans la lettre E La Tour-du-Pin
50%
Sans la lettre A Péronne
50%
Sans la lettre E Saint-Girons
50%
Sans la lettre A Bonneville
46%
Sans la lettre A Molsheim
46%
Sans la lettre A Montreuil-sur-Mer
46%
Sans la lettre E Saint-Paul
46%
Sans la lettre A Villeneuve-sur-Lot
46%
Sans la lettre A Pontoise
38%
Sans la lettre E Saint-Amand-Montrond
38%
Aucun quiz correspondant
Distribution des résultats
% des personnes avec chaque résultat
Percentile par nombre de réponses
Votre historique - résultats
Vous n’avez pas pris ce quiz depuis la dernière actualisation